LDR 00898naa#a2200193#i#450# 001 RU\\bibl\120583 005 20260430022439.4 011 ## _a2587-6740 100 ## _a20260415b2026####ek#y0rusy0150####ca 102 ## _aRU 200 1# _aФормирование методологии исследования отраслевого развития АПК: проблемы экономической динамики и конъюнктуры _eЖурнальная статья 210 1# _aМосква _cЭлектронная наука _d2026 215 ## _a4 с. 608 ## _aЖурнальная статья _2local 675 ## _aАгропромышленный комплекс. 338.436.33 _z 700 #1 _aТихомиров _gАлексей Иванович 700 #1 _aФомин _gАлександр Анатольевич 700 #1 _aЧекмарев _gПетр Александрович 856 4# _aqje.su _u